000 00252nam a22000857a 4500
008 160711b xxu||||| |||| 00| 0 eng d
100 _92582
_a Billstein
245 _aMathematics for Elementary School Teachers
260 _aLondon
_b The Benjamin Commings
_c1984
999 _c2247
_d2247